Giải phẫu người /
Sparad:
| Huvudupphovsman: | |
|---|---|
| Materialtyp: | Sách giấy |
| Språk: | Vietnamese |
| Publicerad: |
H. :
Đại học Quốc gia,
2003
|
| Upplaga: | In lần thứ tư |
| Taggar: |
Lägg till en tagg
Inga taggar, Lägg till första taggen!
|
| Thư viện lưu trữ: | Thư viện Trường Đại học Đà Lạt |
|---|
| LEADER | 00688nam a2200289 4500 | ||
|---|---|---|---|
| 001 | DLU040028882 | ||
| 005 | ##20040824 | ||
| 040 | # | # | |a DLU |b vie |
| 041 | # | # | |a vie |
| 044 | # | # | |a vn |
| 082 | # | # | |a 612 |b NG-Y |
| 100 | # | # | |a Nguyễn Văn Yên |
| 245 | # | # | |a Giải phẫu người / |c Nguyễn Văn Yên |
| 250 | # | # | |a In lần thứ tư |
| 260 | # | # | |a H. : |b Đại học Quốc gia, |c 2003 |
| 300 | # | # | |a 177 tr. ; |c 27 cm |
| 504 | # | # | |a Tài liệu tham khảo :tr.174 |
| 923 | # | # | |a 22/2004 |
| 992 | # | # | |a 21500 |
| 994 | # | # | |a DLU |
| 900 | # | # | |a True |
| 911 | # | # | |a Đào Thị Thu Huyền |
| 925 | # | # | |a G |
| 926 | # | # | |a A |
| 927 | # | # | |a SH |
| 980 | # | # | |a Thư viện Trường Đại học Đà Lạt |